Microelectronic Devices (Record no. 483)

MARC details
000 -LEADER
Fixed length control field 00433nam a2200169 4500
003 - CONTROL NUMBER IDENTIFIER
Control field SEACOMEC
005 - DATE AND TIME OF LATEST TRANSACTION
Control field 20240115122134.0
008 - FIXED-LENGTH DATA ELEMENTS--GENERAL INFORMATION
Fixed length control field 240115b |||||||| |||| 00| 0 eng d
020 ## - INTERNATIONAL STANDARD BOOK NUMBER / ISBN
Price Rs.225.00
040 ## - CATALOGING SOURCE
Original cataloging agency SEACOMEC
082 ## - DEWEY DECIMAL CLASSIFICATION NUMBER
Classification number 621.381
Book Number N147
100 ## - MAIN ENTRY--PERSONAL NAME
Personal name Nagchoudhuri,Dipankar
245 1# - TITLE STATEMENT
Title Microelectronic Devices
Statement of responsibility Dipankar Nagchoudhuri
260 ## - IMPRINT
Place of publication Delhi
Name of publisher Pearson
Date of publication 2002
650 ## - SUBJECT ADDED ENTRY--TOPICAL TERM
Topical term Technology,Electronics
942 ## - ADDED ENTRY ELEMENTS (KOHA)
Koha item type Books
Holdings
Withdrawn status Lost status Source of classification Damaged status Not for loan Home library Current library Date acquired Total Checkouts Call number Accession number Date last seen Copy number Price effective from Koha item type
    Dewey Decimal Classification     SEACOM ENGINEERING COLLEGE SEACOM ENGINEERING COLLEGE 05/06/2006   621.381 N147 01591 15/01/2024 1 15/01/2024 Books
© Seacom Engineering College, All rights reserved.      Powered by Koha